| 000 | 01052nam a22002655i 4500 | ||
|---|---|---|---|
| 001 | 155601 | ||
| 003 | ES-MaACL | ||
| 005 | 20251015063138.0 | ||
| 008 | 010510s1843 sp |||| | spa d | ||
| 040 |
_aCCPB | B _bspa _cCCPB | B |
||
| 080 | _a821.133.1-23"18" | ||
| 100 | 1 |
_aHostein, Hippolyte, _d1814-1879 _9149477 |
|
| 245 | 1 | 3 |
_aLa posada de la Madona _b: drama en cuatro actos y un prólogo / _cescrito en francés por Hostein y Tavenet ; traducción de I. Gil. |
| 260 |
_aMadrid : _b[s.n., _c1843?] ( _fImprenta de F. Suárez) |
||
| 300 |
_a34 p. ; _c26 cm. |
||
| 490 | 1 | _aMuseo dramático | |
| 594 | _aEjemplar sin portada, autores y título del principio del texto. | ||
| 596 | _aRepresentada por primera vez en Madrid en el Teatro del Príncipe el día 22 de febrero de 1843. | ||
| 700 | 1 |
_aTavenet. _9149479 |
|
| 700 | 1 |
_aGil y Baus, Isidoro, _d1814-1866 _956736 |
|
| 830 | 0 |
_aMuseo dramático _9187645 |
|
| 852 |
_aES-MaACL _jF-7489(1) _z-- Enc. hol. en vol. facticio |
||
| 999 |
_c155601 _d155601 |
||